| 000 -LEADER |
| fixed length control field |
00761cam a2200229 a 4500 |
| 020 ## - INTERNATIONAL STANDARD BOOK NUMBER |
| ISBN |
9780821381267 |
| 020 ## - INTERNATIONAL STANDARD BOOK NUMBER |
| ISBN |
0821381261 |
| 020 ## - INTERNATIONAL STANDARD BOOK NUMBER |
| ISBN |
9780821381274 (electronic) |
| 020 ## - INTERNATIONAL STANDARD BOOK NUMBER |
| ISBN |
082138127X (electronic) |
| 040 ## - CATALOGING SOURCE |
| Transcribing agency |
DLC |
| 082 00 - DEWEY DECIMAL CLASSIFICATION NUMBER |
| Classification number |
363 WOR 2010 C153 Or. |
| 245 00 - TITLE STATEMENT |
| Title |
Convenient solutions to an inconvenient truth : |
| Remainder of title |
ecosystem-based approaches to climate change. |
| 260 ## - PUBLICATION, DISTRIBUTION, ETC. (IMPRINT) |
| Place of publication |
Washington, DC : |
| Name of publisher |
World Bank, |
| Year of publication |
c2010. |
| 300 ## - PHYSICAL DESCRIPTION |
| Number of Pages |
xii, 114 p. : |
| Other physical details |
ill. ; |
| Dimensions |
23 cm. |
| 490 1# - SERIES STATEMENT |
| Series statement |
Environment and development |
| 650 #0 - SUBJECT ADDED ENTRY--TOPICAL TERM |
| Topical Term |
Climatic changes. |
| 650 #0 - SUBJECT ADDED ENTRY--TOPICAL TERM |
| Topical Term |
Conservation of natural resources. |
| 650 #0 - SUBJECT ADDED ENTRY--TOPICAL TERM |
| Topical Term |
Ecosystem management. |
| 710 2# - ADDED ENTRY--CORPORATE NAME |
| Corporate name or jurisdiction name as entry element |
World Bank. |
| 856 42 - ELECTRONIC LOCATION AND ACCESS |
| Uniform Resource Identifier |
http://www.loc.gov/catdir/enhancements/fy1210/2009040427-d.html |
| 942 ## - ADDED ENTRY ELEMENTS (KOHA) |
| Koha item type |
ADB |
| 952 ## - LOCATION AND ITEM INFORMATION (KOHA) |
| Withdrawn status [LOCAL, KOHA] |
0 |